000 00327nam a2200109Ia 4500
008 171211s9999 xx 000 0 und d
245 _aSummary of German Tanks in Photographs
245 _cOther
260 _c1944
650 _xMilitary
856 _uhttp://down.ebook777.com/Summary%20of%20German%20Tanks%20in%20Photographs.pdf
999 _c348323
_d348323